00531nam a2200181 a 45000010010000000030011000100080041000210350026000620820014000881000026001022450022001282600038001506500024001889420012002129520090002249980020003149990015003340000-8864ELIB.Books110520 1939  a(ELIB.Books)0000-9010 a269 bTri aTrimble, Henry Burton aTo Every Creature bNashville; Cokesbury Press c1939 aChristian Education 2ddccBK 00102ddc4070aKBTSbKBTSd2011-05-20l0p3908r2022-01-22 00:00:00w2022-01-22yBK cbate2011-05-20 c8864d8864